| 000 | 00783cam a2200229 a 4500 | ||
|---|---|---|---|
| 999 |
_c129206 _d129206 |
||
| 001 | 1390206 | ||
| 003 | ARRUPE | ||
| 005 | 20190314095209.0 | ||
| 008 | 830902s1983 mnub b 000 0 eng | ||
| 010 | _a 82070484 | ||
| 020 | _a0866836853 (pbk.) | ||
| 040 |
_aDLC _cDLC _dDLC |
||
| 050 | 0 | 0 |
_aBT306.4 _b.F38 1983 |
| 082 | 0 | 0 |
_a232.9/01 _219 |
| 100 | 1 |
_aFerlita, Ernest. _945230 |
|
| 245 | 1 | 0 |
_aGospel journey : _bforty meditations drawn from the life of Christ / _cErnest Ferlita. |
| 260 |
_aMinneapolis, Minn. : _bWinston Press, _cc1983. |
||
| 300 |
_aix, 103 p. : _bmaps ; _c22 cm. |
||
| 504 | _aIncludes bibliographical references. | ||
| 600 | 0 | 0 |
_aJesus Christ _xBiography _vMeditations. _945231 |
| 906 |
_a7 _bcbc _corignew _d3 _eopcn _f19 _gy-gencatlg |
||
| 942 |
_2lcc _cMONOGRAPH |
||